[Event "AUTO-ELITE-41"]
[Site "http://www.queenalice.com/game.php?id=61721"]
[Date "2006.4.6"]
[Round "1"]
[White "Catalin"]
[Black "Morpheus"]
[Result "1-0"]
[WhiteElo "1933"]
[BlackElo "1729"]

1. e4 c5 2. c3 Nf6 3. e5 Nd5 4. d4 cxd4 5. cxd4 d6 6. Nc3 Nxc3 7. bxc3 dxe5 8.
Ba3 Nc6 9. Nf3 Qa5 10. Bb2 Bg4 11. Be2 exd4 12. Nxd4 Bxe2 13. Kxe2 e5 14. Nxc6
Qb5+ 15. Ke1 Qxb2 16. Rc1 bxc6 17. Rc2 Qa3 18. Qf3 Qa4 19. Rd2 1-0

[Event "AUTO-ELITE-41"]
[Site "http://www.queenalice.com/game.php?id=61722"]
[Date "2006.4.6"]
[Round "1"]
[White "Morpheus"]
[Black "Catalin"]
[Result "0-1"]
[WhiteElo "1738"]
[BlackElo "1924"]

1. Nc3 d5 2. e4 d4 3. Nce2 e5 4. f4 f6 5. Nf3 c5 6. fxe5 fxe5 7. Ng3 Bd6 8. Bc4
Nf6 9. O-O Bg4 10. h3 Bxf3 11. Qxf3 Nc6 12. Nh5 Qe7 13. Nxf6+ gxf6 14. Qf5 Rf8
15. d3 Qg7 16. Qe6+ Be7 17. Bd2 Rd8 18. Bd5 Rd6 0-1

[Event "AUTO-ELITE-41"]
[Site "http://www.queenalice.com/game.php?id=61729"]
[Date "2006.4.6"]
[Round "1"]
[White "Morpheus"]
[Black "trompmaster"]
[Result "0-1"]
[WhiteElo "1927"]
[BlackElo "1969"]

1. e4 d6 2. d4 Nf6 3. Bd3 Nbd7 4. Nf3 e5 5. Bc4 h6 6. O-O c6 7. Nc3 Be7 8. dxe5
dxe5 9. a4 b6 10. Qe2 a6 11. Rd1 Qc7 12. Nh4 Nc5 13. f3 O-O 14. Ng6 Re8 15.
Nxe7+ Rxe7 16. b4 Ne6 17. Be3 Bb7 18. Qf2 b5 19. Bb3 Nd7 0-1

[Event "AUTO-ELITE-41"]
[Site "http://www.queenalice.com/game.php?id=61730"]
[Date "2006.4.6"]
[Round "1"]
[White "trompmaster"]
[Black "Morpheus"]
[Result "1-0"]
[WhiteElo "1983"]
[BlackElo "1913"]

1. d4 d5 2. Bg5 Nf6 3. e3 c5 4. c3 cxd4 5. exd4 h6 6. Bh4 Nc6 7. f4 Qd6 8. Bg3
Bf5 9. Nf3 Ne4 10. Bd3 O-O-O 11. Ne5 Nxe5 12. fxe5 Qb6 13. Qc2 e6 14. b4 f6 15.
a4 Nxg3 16. hxg3 Bxd3 17. Qxd3 fxe5 18. dxe5 Be7 19. a5 Qc7 20. Qd4 1-0

[Event "AUTO-ELITE-43"]
[Site "http://www.queenalice.com/game.php?id=63159"]
[Date "2006.4.14"]
[Round "1"]
[White "pumamercedino"]
[Black "Morpheus"]
[Result "1-0"]
[WhiteElo "2114"]
[BlackElo "1759"]

1. d4 Nf6 2. c4 e6 3. Nc3 Bb4 4. f3 d5 5. a3 Bxc3+ 6. bxc3 c5 7. cxd5 Nxd5 8.
dxc5 f5 9. c4 Qh4+ 10. g3 Qxc4 11. e4 Qc3+ 12. Bd2 Qe5 13. Bd3 O-O 14. Rc1 Nf6
15. Bf4 Qb2 16. Ne2 1-0

[Event "AUTO-ELITE-43"]
[Site "http://www.queenalice.com/game.php?id=63160"]
[Date "2006.4.14"]
[Round "1"]
[White "Morpheus"]
[Black "pumamercedino"]
[Result "0-1"]
[WhiteElo "1688"]
[BlackElo "2115"]

1. e4 c5 2. Nf3 e6 3. d3 Nc6 4. g3 d5 5. Nbd2 Nf6 6. Bg2 Be7 7. O-O O-O 8. Re1
b5 9. Nb3 dxe4 10. dxe4 e5 11. a4 b4 12. Qe2 Be6 13. Bg5 Nd7 14. Be3 Nd4 15. Qd1
a5 16. Nbd2 Rb8 0-1

[Event "AUTO-ELITE-43"]
[Site "http://www.queenalice.com/game.php?id=63171"]
[Date "2006.4.14"]
[Round "1"]
[White "brunoparadisi"]
[Black "Morpheus"]
[Result "1-0"]
[WhiteElo "1727"]
[BlackElo "2029"]

1. e4 c5 2. Nf3 d6 3. d4 cxd4 4. Nxd4 Nf6 5. Nc3 a6 6. Bd3 g6 7. Be3 Ng4 8. Bd2
Qb6 9. f3 Ne5 10. Nb3 Be6 11. Na4 Qc6 12. Nc3 Bg7 13. Nd4 Nxd3+ 14. cxd3 Bxd4
15. h4 O-O 16. g4 Qb6 17. b3 1-0

[Event "AUTO-ELITE-43"]
[Site "http://www.queenalice.com/game.php?id=63172"]
[Date "2006.4.14"]
[Round "1"]
[White "Morpheus"]
[Black "brunoparadisi"]
[Result "0-1"]
[WhiteElo "2029"]
[BlackElo "1769"]

1. d4 d5 2. c4 c5 3. Nf3 e6 4. cxd5 exd5 5. Nc3 Be7 6. dxc5 Bxc5 7. Qxd5 Nd7 8.
Ne4 Ngf6 9. Nd6+ Bxd6 10. Qxd6 Qa5+ 11. Bd2 Qb6 12. Qa3 Nc5 13. Be3 Nfd7 14. Rc1
O-O 15. Bxc5 Nxc5 16. Rxc5 Bd7 17. Ne5 Be6 0-1

[Event "AUTO-ELITE-45"]
[Site "http://www.queenalice.com/game.php?id=65057"]
[Date "2006.4.23"]
[Round "1"]
[White "Morpheus"]
[Black "ENDHER"]
[Result "0-1"]
[WhiteElo "1819"]
[BlackElo "2035"]

1. e4 e5 2. f4 Nc6 3. d3 Nf6 4. fxe5 Nxe5 5. Nf3 Bd6 6. d4 Bb4+ 7. c3 Nxf3+ 8.
Qxf3 Be7 9. e5 Ng8 10. Bc4 d5 11. Bxd5 f6 12. Bxb7 Bxb7 13. Qxb7 fxe5 14. Qc6+
Kf8 15. Qf3+ Nf6 0-1

[Event "AUTO-ELITE-45"]
[Site "http://www.queenalice.com/game.php?id=65058"]
[Date "2006.4.23"]
[Round "1"]
[White "ENDHER"]
[Black "Morpheus"]
[Result "1-0"]
[WhiteElo "2027"]
[BlackElo "1827"]

1. d4 Nf6 2. c4 e6 3. Nc3 Bb4 4. Bd2 d5 5. Nf3 O-O 6. a3 Bxc3 7. Bxc3 dxc4 8. e3
Qd5 9. Be2 Ne4 10. Qc2 b5 11. a4 a6 12. O-O Nxc3 13. Qxc3 Bb7 14. axb5 axb5 15.
Rxa8 Bxa8 16. Ra1 1-0